| 000 | 01052nam a2200229Ii 4500 | ||
|---|---|---|---|
| 003 | JO-AjNU | ||
| 008 | 230605s9999||||xx |||||||||||||| ||und|| | ||
| 017 | _a2008/11878 | ||
| 020 | _a978-977-455-154-8 | ||
| 040 |
_aJO-AjNU _bara _erda _cJO-AjNU |
||
| 041 | _aara | ||
| 050 | 1 | 4 | _aHG4513.C5212.2009 |
| 100 | 3 |
_aتأليف كلارك، جون, _eauthor _927517 |
|
| 245 | 0 | 0 | _aقاموس المصطلحات الدولية للإستثمار والتمويل إنجليزي - عربي = Dictionary of international investment and finance terms English-Arabic |
| 250 | _aالطبعة العربية الأولى،2009 / الطبعة الأجنبية، 2001 | ||
| 264 | 3 | 1 | _aمصر: دار الفاروق للاستثمارات الثقافية، 2009 |
| 300 | _a632ص | ||
| 336 |
_atext _btxt _2rdacontent |
||
| 337 |
_aunmediated _bn _2rdamedia |
||
| 338 |
_avolume _bnc _2rdacarrier |
||
| 650 | 4 |
_aالاستثمار -- معاجم -- الاستثمار الدولي -- معجم مصطلحات -- التمويل -- معجم مصطلحات _927518 |
|
| 999 |
_aA10563 _c14131 _d14131 |
||